| 000 | 00471nam a2200145Ia 4500 | ||
|---|---|---|---|
| 005 | 20250405144629.0 | ||
| 008 | 240331s9999 xx 000 0 und d | ||
| 082 |
_bTHA _a894 |
||
| 100 | _aHindu Samaiya Kalasara Thenikalam | ||
| 245 | 0 | _aThamilarignar vipulananthar vaalvum panikalum | |
| 260 |
_aColombo _bIndusamaiya Kalachara Aluvalkal Thinaikalam _c1992 |
||
| 300 | _aXii, 190 p ., | ||
| 500 | _aVipulanthar valvum panikalum - ( Ninaivu Kadoorai thoguppu) | ||
| 942 | _cL | ||
| 999 |
_c4189 _d4189 |
||